| 000 | 01017 a2200205 4500 | ||
|---|---|---|---|
| 001 | 59621 | ||
| 005 | 20260407155850.0 | ||
| 008 | 260407a1955 arg spa d | ||
| 003 | AR-UNSa-BCEJYS | ||
| 040 |
_aAR-UNSa-BCEJYS _bspa _cAR-UNSa-BCEJYS |
||
| 080 |
_a330.34 _xDesarrollo Económico |
||
| 245 | 1 | 0 | _aEl desarrollo económico argentino |
| 264 | 1 |
_aBuenos Aires : _bEdiciones Arayú _c1955 |
|
| 300 |
_a236 p. _c24 cm. |
||
| 505 | _a1. Las condiciones generales del desarrollo - 2. La reforma agraria – 3. Producción y productividad agropecuarias – 4. Cambios estructurales – 5. El mercado – 6. Orientaciones y ordenamiento industrial – 7. Las industrias-Tapón – 8. El problema de la productividad en la Argentina – 9. La financiación del desarrollo – 10. Estado Financiero – 11. Problemas del comercio exterior – 12. La integración económica latinoamericana - | ||
| 041 | _aspa | ||
| 942 | _cBK | ||
| 590 | _aniveau_biblio:m niveau_hierar:0 | ||
| 100 | 1 | _aBenitez de Castro, Cecilio | |
| 999 |
_c6758 _d6758 |
||